Mi león.

Gardado en:
Detalles Bibliográficos
Autor Principal: Sadat, Mandana (autora)
Formato: Libro
Publicado: Ciudad de México, México: Fondo de Cultura Económica, 2006.
Edición:Primera edición en español.
Series:Colección Los Especiales de A la Orilla del Viento.
Subjects:
Tags: Engadir etiqueta
Sen Etiquetas, Sexa o primeiro en etiquetar este rexistro!

MARC

LEADER 00000nam a22000007a 4500
003 CL-VaPUC
005 20250321101924.0
008 250117t2006 ||||| |||| 00| 0 eng d
999 |c 446604  |d 446602 
020 |a 978-968-16-8028-2 
040 |c Pontificia Universidad Católica de Valparaíso 
082 |a 808.068 SAD 2006 
100 |9 895528  |a Sadat, Mandana  |e autora 
245 |a Mi león. 
250 |a Primera edición en español. 
260 |a Ciudad de México, México:  |b Fondo de Cultura Económica,  |c 2006. 
300 |a 32 páginas:  |b ilustraciones. 
490 |a Colección Los Especiales de A la Orilla del Viento. 
500 |a c.1. Instituto Arcos.08-01-2025. 
583 |c 20250117  |k Gabriela Rodríguez Cuevas 
650 0 |9 308044  |a Cuentos infantiles  |x Amistad  |x Libros ilustrados 
942 |2 ddc  |c BK  |n 0 
952 |0 0  |1 0  |2 ddc  |4 0  |6 808_068000000000000_SAD_2006  |7 0  |9 599504  |a BIBINC  |b BIBINC  |c GEN  |d 2025-01-17  |e Instituto Arcos  |i 5664447  |o 808.068 SAD 2006  |p 5664447  |r 2025-01-17  |t 1  |w 2025-01-17  |y BK  |k IFP